00380nam a2200145Ia 450000500170000000800410001702000150005808200130007310000180008624500430010425000080014726000340015530000130018950000320020220250321022003.0240331s9999 xx 000 0 und d a9552082072 bSIRa891 aSiriwardena,D 0aEkathara polis niladhariykuge kathawak a2nd aColombobGodake & Sonsc2005 a232 p ., aA story of a police officer